000 00283nam a2200109Ia 4500
008 190913s9999||||xx |||||||||||||| ||und||
100 _aKenneth H. Rosen
245 0 _aExploring Discrete Mathematics With MAPLE
260 _aNew York
_bMcGraw Hill
_c2001
300 _a200
942 _cBK
999 _c8297
_d8297